The tradition and modern transition of chinese law
Guardat en:
| Autor principal: | |
|---|---|
| Format: | Llibre |
| Idioma: | anglès |
| Publicat: |
Berlín
Springer
2014
|
| Edició: | 1a. ed |
| Matèries: | |
| Etiquetes: |
Afegir etiqueta
Sense etiquetes, Sigues el primer a etiquetar aquest registre!
|
MARC
| LEADER | 00000cam a2200000 a 4500 | ||
|---|---|---|---|
| 001 | UCC6462 | ||
| 003 | CL-VaPUC | ||
| 008 | 181213e20140000gw |||||||||||||||||eng|d | ||
| 020 | |a 9783642232657 | ||
| 082 | 0 | 4 | |a 340.951 |b ZHA |2 21 |
| 100 | 0 | |a Zhang, Jinfan |e author |9 600923 | |
| 245 | 1 | 4 | |a The tradition and modern transition of chinese law |
| 250 | |a 1a. ed | ||
| 300 | |a 710 p | ||
| 942 | |c BK | ||
| 945 | |d 20181213 14:55:00 |a dcastane | ||
| 260 | |a Berlín |b Springer |c 2014 | ||
| 650 | 7 | |a DERECHO CHINO |2 CL-VaPUC |9 400975 | |
| 650 | 0 | |a Historia del derecho |9 255109 | |
| 650 | 0 | |a Fuentes del derecho |9 255162 | |
| 583 | |a last modification |c 20181213 14:55:00 |k Rodrigo Vera | ||
| 999 | |c 373403 |d 373401 | ||
| 952 | |0 0 |1 0 |3 erd |4 0 |6 340_951000000000000_ZHA_2014 |7 0 |8 A |9 491504 |a BIBDER |b BIBDER |i 5522293 |o 340.951 ZHA 2014 |p 5522293 |r 2023-01-25 |w 2019-11-24 |y BK |z Catalogado en:20181213 |k DER | ||